01072njm a2200265Ia 450000100060000000300090000600500170001500800410003204000130007304000130008610000110009910000180011010000380012824500450016625000110021126000090022226000380023130000170026950000230028650501210030965000550043070000660048570001390055170001160069021028IT-RoPAU20220918181128.0131025s9999 xx 000 0 und d aIT-RoPAU cIT-RoPAU aAA.VV. eAutore musica gCodice autore musica SPICS: 12000 aBiennale musica 1982: numero e suono (7) a1a ed. aROMA bSPICS RECORDSc1982 [1a Ed.:1982] aMUSICASSETTA aMusica strumentale aFebruary pieces - Winter Potatoes - Volo solo - Treatise (estratto) - Principe Igor Stravinskij per voce e strumenti aSTRUMENTALE [CASSETTE]eCodice MATERIA SPICS: 9951 aPetazzi Paolododice autore testo SPICS: 11572eAutore testo aCardew CorneliusdCodice autore musica SPICS: 8437eAutore musicapFebruary pieces - Winter Potatoes - Volo solo - Treatise (estratto) aKagel MauriciodCodice autore musica SPICS: 5167eAutore musicapPrincipe Igor Stravinskij per voce e strumenti